00553nam a2200217Ia 4500008004100000100001900041245006900060260001100129300002000140440001300160521000800173650002300181650001200204650001400216650001400230650001700244650001700261650001600278650002200294650001900316140626s9999 xx 000 0 und d aChan, Melanie. aAmazing Anilao :b the diving Mecca of Batangas /cMelanie Chan. cc2011. a13 : 7, page 34 aCruising aTOU aAdventure tourism. aAnilao. aBatangas. aBlue sea. aDiving site. aMarine life. aTop resorts aWater activities. aWhite beaches.